Rois de la dynastie des Bourbons - Mort Subite - Statistiques

Statistiques générales
  • Ce quiz a été pris 53 fois
  • Le résultat moyen est 5 sur 7
Answers on the Grid
Answers color-coded by a green-red scale on the quiz's grid according to % correct below.
Louis XII
Charles IX
Louis XIV
Henri II
Louis XV
Charles VIII
Louis XVIII
Henri III
Louis XIII
Henri IV
Charles X
Louis XVI
 
Statistiques - réponses
Réponse % Correct
Louis XIV
84%
Louis XV
80%
Louis XIII
76%
Louis XVI
76%
Louis XVIII
67%
Henri IV
51%
Charles X
47%
Aucun quiz correspondant
Distribution des résultats
% des personnes avec chaque résultat
Percentile par nombre de réponses
Votre historique - résultats
Vous n’avez pas pris ce quiz